[Event "30th ECh U20"]
[Site "Baku AZE"]
[Date "2002.07.17"]
[Round "4"]
[White "Izoria, Zviad"]
[Black "Werle, Jan"]
[Result "1-0"]
[WhiteElo "2565"]
[BlackElo "2443"]
[EventDate "2002.07.14"]
[PlyCount "87"]

1.Nf3 Nf6 2.c4 b6 3.g3 Bb7 4.Bg2 e6 5.O-O Be7 6.b3 O-O 7.Bb2 d5 8.e3 Nbd7 
9.Qe2 c5 10.Rd1 Rc8 11.Nc3 Qc7 12.d3 Rfd8 13.Nh4 dxc4 14.bxc4 Bxg2 15.Nxg2
a6 16.f4 Qb7 17.Rab1 Qa8 18.Ba1 Ne8 19.g4 Rb8 20.a4 Qc6 21.Ne1 Nc7 22.Qb2 
Bf8 23.Qg2 Qxg2+ 24.Kxg2 a5 25.Kf3 Na6 26.Ke2 Nb4 27.Nf3 Rb7 28.g5 Nb8 29.
Ne4 N8c6 30.d4 Rbd7 31.dxc5 bxc5 32.Rxd7 Rxd7 33.Ne5 Nxe5 34.Bxe5 Be7 35.
h4 Bf8 36.h5 Be7 37.Bc3 Kf8 38.Rh1 Kg8 39.h6 g6 40.Bf6 Bf8 41.Rb1 Rb7 42.
Bd8 Ra7 43.Bb6 Ra8 44.Rd1 1-0

[Event "30th ECh U20"]
[Site "Baku AZE"]
[Date "2002.07.17"]
[Round "4"]
[White "Mastrovasilis, Dimitrios"]
[Black "Mamedov, Nidjat"]
[Result "0-1"]
[WhiteElo "2462"]
[BlackElo "2463"]
[EventDate "2002.07.14"]
[PlyCount "38"]

1.e4 c5 2.Nf3 d6 3.d4 cxd4 4.Nxd4 Nf6 5.Nc3 Nc6 6.f3 e5 7.Nb3 Be7 8.Be3 
O-O 9.Qd2 a5 10.Bb5 Be6 11.O-O-O Na7 12.Be2 Nc8 13.Qe1 a4 14.Nc5 Qb6 15.
N3xa4 Qa7 16.Qc3 dxc5 17.Nxc5 Qxa2 18.Qxe5 Ng4 19.Qxg7+ Kxg7 0-1

[Event "30th ECh U20"]
[Site "Baku AZE"]
[Date "2002.07.17"]
[Round "4"]
[White "Gaprindashvili, Valerian"]
[Black "Kanep, Meelis"]
[Result "0-1"]
[WhiteElo "2471"]
[BlackElo "2358"]
[EventDate "2002.07.14"]
[PlyCount "94"]

1.d4 Nf6 2.Nf3 d5 3.c4 c6 4.e3 e6 5.Bd3 Nbd7 6.O-O Bd6 7.Nbd2 O-O 8.e4 e5 
9.cxd5 cxd5 10.exd5 exd4 11.Ne4 Nxe4 12.Bxe4 Nf6 13.Qxd4 Nxe4 14.Qxe4 Re8 
15.Qd4 Bf5 16.Bg5 f6 17.Be3 Re4 18.Qd2 Bb4 19.Qd3 Qd7 20.Qb3 Bd6 21.Nd4 
Bh3 22.f3 Rh4 23.Qb5 Qe7 24.Qb3 Bxg2 25.Kxg2 Rxh2+ 26.Kg1 Qe5 27.f4 Qh5 
28.Qd1 Rh1+ 29.Kf2 Qh2+ 30.Kf3 Qh3+ 31.Ke4 Re8+ 32.Ne6 Qg2+ 33.Kd4 Qxb2+ 
34.Kd3 Qb5+ 35.Kd4 Qb4+ 36.Kd3 Qb5+ 37.Kd4 Qb6+ 38.Kd3 Rh3 39.Rf3 Qb5+ 40.
Ke4 Qc4+ 41.Bd4 Rh5 42.f5 Rh4+ 43.Ke3 Rxd4 44.Qxd4 Bc5 45.Rd1 Qxd5 46.Rg3 
Bxd4+ 47.Rxd4 Qe5+ 0-1

[Event "30th ECh U20"]
[Site "Baku AZE"]
[Date "2002.07.17"]
[Round "4"]
[White "Riazantsev, Alexander"]
[Black "Gashimov, Sarkhan"]
[Result "1-0"]
[WhiteElo "2537"]
[BlackElo "2262"]
[EventDate "2002.07.14"]
[PlyCount "89"]

1.d4 Nf6 2.c4 e6 3.Nf3 b6 4.g3 Ba6 5.b3 Bb4+ 6.Bd2 Bxd2+ 7.Qxd2 d5 8.cxd5 
exd5 9.Bg2 O-O 10.O-O Re8 11.Re1 Bb7 12.Nc3 Ne4 13.Qb2 Nxc3 14.Qxc3 Nd7 
15.b4 a6 16.a4 Rc8 17.Qb2 Qf6 18.Rac1 Qd6 19.Rc2 Ba8 20.Bh3 Rb8 21.Rec1 c6
22.Bxd7 Qxd7 23.Ne5 Qh3 24.Nxc6 Bxc6 25.Rxc6 h5 26.e3 h4 27.Qe2 Qf5 28.Qc2
Qf3 29.Qd1 Qf5 30.g4 Qe4 31.h3 g6 32.Kh2 Kg7 33.Qh1 Qe7 34.Qxd5 Qxb4 35.
Rc7 Re7 36.R1c4 Qa3 37.Rc3 Qb4 38.R3c4 Qa3 39.R4c6 Rbe8 40.Rxe7 Rxe7 41.
Rxb6 Qxa4 42.Qg5 Qe8 43.Qf6+ Kh7 44.Qxh4+ Kg8 45.Rxa6 1-0

[Event "30th ECh U20"]
[Site "Baku AZE"]
[Date "2002.07.17"]
[Round "4"]
[White "Cernousek, Lukas"]
[Black "Jakubowski, Krzysztof"]
[Result "1-0"]
[WhiteElo "2294"]
[BlackElo "2475"]
[EventDate "2002.07.14"]
[PlyCount "63"]

1.e4 c5 2.Nf3 d6 3.d4 cxd4 4.Nxd4 Nf6 5.Nc3 a6 6.Be2 e5 7.Nb3 Be7 8.O-O 
O-O 9.Be3 Be6 10.Qd2 Nbd7 11.a4 b6 12.f3 Qc7 13.Nc1 Rfd8 14.N1a2 Qb7 15.
Nb4 h6 16.Rfd1 Rdc8 17.Rac1 Bf8 18.b3 Kh7 19.Qe1 g6 20.Nbd5 Rab8 21.Nb4 
Ra8 22.Nbd5 Rab8 23.Qh4 Bg7 24.Bc4 b5 25.axb5 axb5 26.Nxb5 Bxd5 27.exd5 
Ne8 28.Na7 Rc7 29.Nc6 Ra8 30.Nd8 Rxd8 31.Qxd8 Nef6 32.Ba6 1-0

[Event "30th ECh U20"]
[Site "Baku AZE"]
[Date "2002.07.17"]
[Round "4"]
[White "Tahirov, Farhad"]
[Black "Aliev, Dzavid"]
[Result "1-0"]
[WhiteElo "2363"]
[BlackElo "2320"]
[EventDate "2002.07.14"]
[PlyCount "87"]

1.d4 d5 2.e3 e6 3.Bd3 Nf6 4.Nf3 Be7 5.O-O O-O 6.Nbd2 c5 7.c3 Nbd7 8.Qe2 b6
9.e4 Bb7 10.e5 Ne8 11.Ne1 g6 12.f4 Ng7 13.Nef3 c4 14.Bc2 b5 15.g4 f5 16.
exf6 Rxf6 17.Ne5 Nxe5 18.dxe5 Bc5+ 19.Kh1 Rf7 20.Nf3 d4 21.cxd4 Qxd4 22.
Kg2 Qd7 23.Be4 Rd8 24.Ng5 Re7 25.Qf3 Qc8 26.Bxb7 Rxb7 27.Ne4 Rd3 28.Qe2 
Qc6 29.Rf3 Rd4 30.Nf6+ Kh8 31.Be3 Rd8 32.Bxc5 Qxc5 33.Rd1 Qb6 34.Rh3 Ne8 
35.Nxe8 Rxe8 36.Rd6 Qc5 37.Qd2 Rf7 38.Rd8 Ref8 39.Rf3 Kg7 40.Rd6 Re7 41.a3
Rff7 42.Qc3 Qc8 43.f5 exf5 44.e6+ 1-0

[Event "30th ECh U20"]
[Site "Baku AZE"]
[Date "2002.07.17"]
[Round "4"]
[White "Stellwagen, Daniel"]
[Black "Esen, Baris"]
[Result "1-0"]
[WhiteElo "2464"]
[BlackElo "2189"]
[EventDate "2002.07.14"]
[PlyCount "89"]

1.e4 c5 2.Nf3 d6 3.d4 cxd4 4.Nxd4 Nf6 5.Nc3 a6 6.Be2 e6 7.O-O Qc7 8.f4 Nc6
9.Be3 Bd7 10.a4 Be7 11.Nb3 Na5 12.e5 dxe5 13.fxe5 Nxb3 14.exf6 Bc5 15.Bxc5
Qxc5+ 16.Kh1 Nxa1 17.Ne4 Qb4 18.fxg7 O-O-O 19.gxh8=Q Rxh8 20.Bf3 f5 21.
Nd6+ Kc7 22.Nf7 Rf8 23.Ne5 Bxa4 24.Qxa1 Rd8 25.b3 Bb5 26.c4 Be8 27.Rd1 
Rxd1+ 28.Qxd1 Qc3 29.Nd3 e5 30.Bd5 b6 31.h3 a5 32.Qf3 Bd7 33.Qe3 e4 34.
Qf4+ Kc8 35.Ne5 e3 36.Nxd7 Kxd7 37.Qxf5+ Kd6 38.Bf3 Qd4 39.Qd5+ Qxd5 40.
cxd5 b5 41.Kg1 Kc5 42.Kf1 h6 43.Ke1 a4 44.bxa4 bxa4 45.Bd1 1-0

[Event "30th ECh U20"]
[Site "Baku AZE"]
[Date "2002.07.17"]
[Round "4"]
[White "Chkhaidze, Nikoloz"]
[Black "Guseinov, Gadir"]
[Result "1/2-1/2"]
[WhiteElo "2138"]
[BlackElo "2510"]
[EventDate "2002.07.14"]
[PlyCount "95"]

1.e4 c5 2.Nf3 Nc6 3.d4 cxd4 4.Nxd4 Nf6 5.Nc3 d6 6.Bg5 e6 7.Qd2 Be7 8.O-O-O
O-O 9.f4 Nxd4 10.Qxd4 Qa5 11.Kb1 h6 12.Bh4 e5 13.Qd2 Nxe4 14.Nxe4 Qxd2 15.
Rxd2 Bxh4 16.g3 Be7 17.Nxd6 Bxd6 18.Rxd6 exf4 19.gxf4 Bf5 20.Bd3 Bxd3 21.
Rxd3 Rad8 22.Rhd1 Rxd3 23.Rxd3 Re8 24.Kc1 Re4 25.Rd8+ Kh7 26.Rd7 Rxf4 27.
Rxb7 g5 28.b4 g4 29.b5 h5 30.Kd2 h4 31.Ke3 Rf3+ 32.Ke2 Ra3 33.Rxf7+ Kg6 
34.Rf2 Rxa2 35.Ke3 Kg5 36.c4 Ra3+ 37.Ke4 Rc3 38.Kd5 Rf3 39.Ra2 Rf5+ 40.Kd6
g3 41.hxg3 hxg3 42.c5 Rf2 43.Ra1 Rf6+ 44.Kd5 Rf5+ 45.Kc4 Rf4+ 46.Kd5 Rf5+ 
47.Kd4 Rf4+ 48.Kd5 1/2-1/2

[Event "30th ECh U20"]
[Site "Baku AZE"]
[Date "2002.07.17"]
[Round "4"]
[White "Aroshidze, Levan"]
[Black "Buckley, Simon"]
[Result "1/2-1/2"]
[WhiteElo "2345"]
[BlackElo "2237"]
[EventDate "2002.07.14"]
[PlyCount "88"]

1.e4 e6 2.d4 d5 3.Nc3 Nf6 4.Bg5 dxe4 5.Nxe4 Be7 6.Bxf6 gxf6 7.Nf3 a6 8.c4 
f5 9.Nc3 c5 10.d5 Bf6 11.Qd2 e5 12.O-O-O e4 13.Qe3 O-O 14.Nd2 Bd4 15.Qg3+ 
Kh8 16.f3 Rg8 17.Qf4 Qf6 18.fxe4 Be5 19.Qf3 f4 20.Qd3 Bg4 21.Re1 b5 22.Be2
Bxe2 23.Rxe2 Nd7 24.Rf1 Bd4 25.Nf3 bxc4 26.Qxc4 Rab8 27.Nd1 Rb4 28.Qd3 
Rgb8 29.Nxd4 Rxd4 30.Qc2 Ne5 31.Kb1 Nc4 32.Ka1 Qe5 33.Qc3 f6 34.Nf2 Ne3 
35.Rb1 Rc4 36.Qxe5 fxe5 37.b3 Nc2+ 38.Kb2 Nd4 39.Rd2 Rcb4 40.Kc3 c4 41.Ng4
a5 42.a4 Rxb3+ 43.Rxb3 Rxb3+ 44.Kxc4 Rb4+ 1/2-1/2

[Event "30th ECh U20"]
[Site "Baku AZE"]
[Date "2002.07.17"]
[Round "4"]
[White "Laciner, Kerem"]
[Black "Lotscher, Roland"]
[Result "0-1"]
[WhiteElo "2220"]
[BlackElo "2288"]
[EventDate "2002.07.14"]
[PlyCount "140"]

1.d4 Nf6 2.c4 c5 3.d5 e6 4.Nc3 exd5 5.cxd5 d6 6.Nf3 g6 7.g3 Bg7 8.Bg2 O-O 
9.O-O Na6 10.Nd2 Nc7 11.Nc4 Nfe8 12.a4 b6 13.Qc2 f5 14.Bd2 Qd7 15.Rfe1 Bb7
16.Rad1 Qf7 17.Bf4 Rd8 18.Qd2 Ba6 19.b3 Bb7 20.Na2 Bd4 21.e3 Bf6 22.h4 Qd7
23.Nc3 Qg7 24.Ne2 Rf7 25.e4 fxe4 26.Bxe4 Re7 27.Bh6 Qh8 28.Qd3 Na6 29.Nf4 
Nb4 30.Qf3 Nc7 31.Ne6 Nxe6 32.dxe6 d5 33.Ne3 Bd4 34.Bb1 Bg7 35.Bg5 Rf8 36.
Qg4 Bf6 37.Bf4 Qg7 38.Bd6 d4 39.Bxe7 Bxe7 40.Nc4 Bf3 41.Qh3 Bxd1 42.Rxd1 
Qf6 43.f4 Rd8 44.Bd3 Nxd3 45.Rxd3 Qf5 46.Qxf5 gxf5 47.h5 Kg7 48.Ne5 Rd6 
49.g4 fxg4 50.Rg3 Rxe6 51.Rxg4+ Kh6 52.Rg8 Kxh5 53.Ra8 Bd6 54.Rxa7 Bxe5 
55.fxe5 Rxe5 56.Rxh7+ Kg4 57.Kf2 Re3 58.b4 Rc3 59.Rd7 Kf4 60.Rd6 Rc2+ 61.
Ke1 Ke3 62.Re6+ Kd3 63.Rxb6 Rc1+ 64.Kf2 c4 65.a5 c3 66.a6 c2 67.Rc6 Ra1 
68.b5 Kd2 69.Kf3 d3 70.Ke4 Ra4+ 0-1

[Event "30th ECh U20"]
[Site "Baku AZE"]
[Date "2002.07.17"]
[Round "4"]
[White "Davidov, Samir"]
[Black "Aliev, Chingiz"]
[Result "0-1"]
[WhiteElo "2248"]
[BlackElo "2213"]
[EventDate "2002.07.14"]
[PlyCount "98"]

1.e4 c5 2.Nf3 a6 3.d4 cxd4 4.Nxd4 Nf6 5.Nc3 d6 6.Be2 e5 7.Nb3 Be7 8.Be3 
Be6 9.Nd5 Nxd5 10.exd5 Bf5 11.O-O Nd7 12.Qd2 O-O 13.f4 exf4 14.Bxf4 Bg6 
15.c4 a5 16.Rae1 Ne5 17.Nd4 Bf6 18.b3 Re8 19.Bxe5 Rxe5 20.Nf3 Qb6+ 21.Kh1 
Re3 22.Bd1 Rae8 23.Rxe3 Rxe3 24.Re1 Rxe1+ 25.Qxe1 Kf8 26.h3 Qc5 27.Kh2 Qa3
28.Qf2 Qc1 29.Qd2 Qxd2 30.Nxd2 Bc3 31.Nf3 Bb1 32.a4 h6 33.h4 g6 34.Kg1 f5 
35.Kf2 Kf7 36.Ke3 Kf6 37.Ng1 g5 38.hxg5+ hxg5 39.g3 b6 40.Nf3 Kg6 41.Ng1 
Be5 42.Ne2 Kf6 43.Kf3 Bb2 44.Ng1 Ke5 45.Kg2 g4 46.Ne2 Ke4 47.Kf2 Be5 48.
Kf1 Ke3 49.Ke1 Bd3 0-1

[Event "30th ECh U20"]
[Site "Baku AZE"]
[Date "2002.07.18"]
[Round "5"]
[White "Mamedov, Nidjat"]
[Black "Izoria, Zviad"]
[Result "0-1"]
[WhiteElo "2463"]
[BlackElo "2565"]
[EventDate "2002.07.14"]
[PlyCount "112"]

1.e4 c5 2.Nf3 d6 3.d4 cxd4 4.Nxd4 Nf6 5.Nc3 Bd7 6.f3 e5 7.Nb3 Be7 8.Be3 
O-O 9.Be2 a5 10.a4 Be6 11.Nd2 Qc8 12.O-O Na6 13.f4 exf4 14.Bxf4 Nb4 15.Kh1
Rd8 16.Bd3 Ng4 17.Qe2 Ne5 18.Bxe5 dxe5 19.Nc4 Qc5 20.Ne3 Rac8 21.Ncd5 Bg5 
22.Nxb4 Qxe3 23.Qxe3 Bxe3 24.Nd5 Bxd5 25.exd5 Rxd5 26.Rae1 Bg5 27.Be4 Rdc5
28.Rd1 g6 29.Rd7 f5 30.Bxb7 R8c7 31.Rxc7 Rxc7 32.Bd5+ Kg7 33.c4 Be3 34.g4 
Kf6 35.Kg2 Rc8 36.Rf3 f4 37.Rh3 h6 38.Kf3 Kg5 39.Ke4 Rb8 40.Kxe5 Rxb2 41.
c5 Bxc5 42.Rc3 Bf8 43.Rc6 Bg7+ 44.Ke6 Bd4 45.Be4 Rxh2 46.Kd5 Bf6 47.Ra6 
Rd2+ 48.Ke6 Re2 49.Kd5 Re3 50.Rxa5 f3 51.Kc4+ Kxg4 52.Bxg6 Bg5 53.Bd3 f2 
54.Bf1 Re1 55.Bd3 Rc1+ 56.Kb3 f1=Q 0-1

[Event "30th ECh U20"]
[Site "Baku AZE"]
[Date "2002.07.18"]
[Round "5"]
[White "Gasanov, Eldar"]
[Black "Riazantsev, Alexander"]
[Result "1/2-1/2"]
[WhiteElo "2471"]
[BlackElo "2537"]
[EventDate "2002.07.14"]
[PlyCount "59"]

1.e4 c6 2.d4 d5 3.Nc3 dxe4 4.Nxe4 Bf5 5.Nc5 b6 6.Nb3 e6 7.Nf3 Bd6 8.g3 Ne7
9.Bg2 Nd7 10.Nh4 Qc7 11.O-O O-O 12.Bg5 Bg6 13.Nd2 Nd5 14.Nxg6 hxg6 15.Ne4 
N7f6 16.Nxf6+ Nxf6 17.Qf3 Nh7 18.Be3 Rac8 19.c4 Nf6 20.Rfd1 c5 21.dxc5 
Bxc5 22.Bf4 e5 23.Bg5 Bd4 24.Bxf6 gxf6 25.Qxf6 Qxc4 26.Rd2 Rfe8 27.h4 Qe6 
28.Qg5 Kg7 29.Re2 Qf6 30.Qg4 1/2-1/2

[Event "30th ECh U20"]
[Site "Baku AZE"]
[Date "2002.07.18"]
[Round "5"]
[White "Guseinov, Gadir"]
[Black "Gozzoli, Yannick"]
[Result "1/2-1/2"]
[WhiteElo "2510"]
[BlackElo "2373"]
[EventDate "2002.07.14"]
[PlyCount "129"]

1.e4 e5 2.Nf3 Nc6 3.Bb5 Nf6 4.Qe2 Bd6 5.c3 O-O 6.O-O Re8 7.d3 Ne7 8.Nh4 c6
9.Ba4 Ng6 10.Nxg6 hxg6 11.Bb3 Bc5 12.Bg5 d5 13.Kh1 dxe4 14.dxe4 Be6 15.Nd2
Bxb3 16.axb3 b5 17.b4 Bb6 18.Nb3 Qe7 19.Be3 Nd7 20.Rfd1 Nf8 21.Bc5 Qe6 22.
Na5 Rad8 23.h3 Qc8 24.Rxd8 Rxd8 25.Rd1 Ne6 26.Rxd8+ Bxd8 27.Bxa7 Qa6 28.
Bb8 f6 29.Nb3 Be7 30.Qd2 Qa2 31.Na5 Qb1+ 32.Kh2 Qxe4 33.f3 Qd5 34.Qxd5 
cxd5 35.Nc6 Kf7 36.Na7 d4 37.Kg1 Nf4 38.Kf1 Nd3 39.Nxb5 Nxb2 40.cxd4 exd4 
41.Nxd4 Bxb4 42.Ke2 Nc4 43.Kd3 Nb6 44.g4 g5 45.Nc6 Be7 46.Kd4 Nd7 47.Kd5 
Nb6+ 48.Kd4 Nd7 49.Ke4 Ke6 50.Nd4+ Kf7 51.Bc7 Nf8 52.Kd5 Nd7 53.Nf5 Nf8 
54.Bg3 Ng6 55.Ke4 Nf8 56.Kd5 Ng6 57.Bh2 Nf8 58.f4 gxf4 59.Bxf4 Ne6 60.Bg3 
Ba3 61.h4 Nf8 62.Bf2 g6 63.Nd4 Be7 64.Nc6 Ne6 65.Be3 1/2-1/2

[Event "30th ECh U20"]
[Site "Baku AZE"]
[Date "2002.07.18"]
[Round "5"]
[White "Werle, Jan"]
[Black "Aroshidze, Levan"]
[Result "0-1"]
[WhiteElo "2443"]
[BlackElo "2345"]
[EventDate "2002.07.14"]
[PlyCount "120"]

1.Nf3 Nf6 2.c4 b6 3.g3 c5 4.Bg2 Bb7 5.O-O d6 6.Nc3 e6 7.Re1 Be7 8.e4 Nbd7 
9.d4 cxd4 10.Nxd4 Qc7 11.Be3 O-O 12.f4 h5 13.h3 a6 14.Rc1 Rac8 15.g4 hxg4 
16.hxg4 Nc5 17.Bf2 d5 18.e5 Nfe4 19.Nxe4 dxe4 20.Bf1 Rfd8 21.Rc3 Nd3 22.
Bxd3 exd3 23.Rxd3 Qxc4 24.Qb3 Qxb3 25.axb3 Rc2 26.Red1 Rxb2 27.Nf5 Rxd3 
28.Nxe7+ Kf8 29.Rxd3 Kxe7 30.Bxb6 Rg2+ 31.Kf1 Rxg4 32.Bc5+ Ke8 33.Rd4 Bd5 
34.b4 Kd8 35.Ke2 Kc7 36.Ke3 Rg3+ 37.Kf2 Rg2+ 38.Ke3 Kc6 39.Be7 Kb5 40.f5 
Rg3+ 41.Ke2 Ka4 42.f6 gxf6 43.Bxf6 Rg2+ 44.Ke3 Kb3 45.Be7 Kc3 46.Rd3+ Kc2 
47.Rd4 Rg3+ 48.Kf4 Rg2 49.Ke3 Rg3+ 50.Kf4 Rg1 51.Bc5 Re1 52.b5 axb5 53.Bb4
Re2 54.Ba5 f6 55.Bc7 f5 56.Bd6 Re4+ 57.Rxe4 Bxe4 58.Bb4 Kb3 59.Bd2 b4 60.
Ke3 Ka3 0-1

[Event "30th ECh U20"]
[Site "Baku AZE"]
[Date "2002.07.18"]
[Round "5"]
[White "Gashimov, Sarkhan"]
[Black "Stellwagen, Daniel"]
[Result "1-0"]
[WhiteElo "2262"]
[BlackElo "2464"]
[EventDate "2002.07.14"]
[PlyCount "93"]

1.Nf3 d5 2.b3 c6 3.Bb2 Bg4 4.e3 Nd7 5.h3 Bh5 6.d3 f6 7.d4 e6 8.Bd3 f5 9.g4
Bg6 10.Ne5 Ngf6 11.Nd2 Nxe5 12.dxe5 Ne4 13.gxf5 exf5 14.Bxe4 fxe4 15.Qg4 
Be7 16.O-O-O O-O 17.f4 Bf5 18.Qg2 b5 19.Nf1 a5 20.Ng3 Bc5 21.Rde1 Qe7 22.
Nxf5 Rxf5 23.Qg4 Qe6 24.Rhg1 Ra7 25.h4 Raf7 26.h5 Kf8 27.Rg3 Ke8 28.Kb1 
Bf8 29.Qe2 Rb7 30.Ka1 Qf7 31.Rh3 Qe6 32.Rh2 Rff7 33.Rc1 Rb8 34.Rf2 Rf5 35.
c4 bxc4 36.bxc4 Kf7 37.Qd1 Kg8 38.Rd2 Rd8 39.cxd5 cxd5 40.Rdc2 Qe8 41.h6 
Rf7 42.hxg7 Bxg7 43.Qg4 Rb7 44.Rc8 Rb8 45.Rxd8 Qxd8 46.Qe6+ Kh8 47.f5 1-0

[Event "30th ECh U20"]
[Site "Baku AZE"]
[Date "2002.07.18"]
[Round "5"]
[White "Aliev, Dzavid"]
[Black "Teterev, Vitaly"]
[Result "0-1"]
[WhiteElo "2320"]
[BlackElo "2342"]
[EventDate "2002.07.14"]
[PlyCount "68"]

1.e4 c5 2.Nf3 d6 3.d4 cxd4 4.Nxd4 Nf6 5.Nc3 a6 6.Be3 Ng4 7.Qd2 Nxe3 8.Qxe3
e6 9.Be2 Be7 10.O-O O-O 11.a4 Nc6 12.Rfd1 Qc7 13.Nb3 b6 14.f4 Rb8 15.Rd2 
Na5 16.Rf1 d5 17.Qg3 dxe4 18.Nxe4 Bb7 19.Nc3 Nc4 20.Bxc4 Qxc4 21.Rfd1 Bf6 
22.Rd3 Bxc3 23.Rxc3 Qxa4 24.Qg4 Rbd8 25.Re1 Qb4 26.Ree3 Rc8 27.Rg3 g6 28.
h4 Rxc3 29.Rxc3 h5 30.Qg5 Qe4 31.Rg3 Kh7 32.Qe7 Kg7 33.Qg5 f6 34.Qxh5 Qe1+
0-1

[Event "30th ECh U20"]
[Site "Baku AZE"]
[Date "2002.07.18"]
[Round "5"]
[White "Gaprindashvili, Valerian"]
[Black "Chkhaidze, Nikoloz"]
[Result "1-0"]
[WhiteElo "2471"]
[BlackElo "2138"]
[EventDate "2002.07.14"]
[PlyCount "79"]

1.d4 Nf6 2.Nf3 e6 3.c4 c5 4.e3 d5 5.cxd5 exd5 6.Bb5+ Bd7 7.Bxd7+ Nbxd7 8.
dxc5 Nxc5 9.O-O Bd6 10.Bd2 O-O 11.Bc3 Rc8 12.Bd4 Bb8 13.Nc3 Nfe4 14.Rc1 
Ne6 15.Qd3 N6g5 16.Nxg5 Nxg5 17.Qf5 Qd6 18.g3 h6 19.Qxd5 Qxd5 20.Nxd5 Rxc1
21.Rxc1 Nf3+ 22.Kg2 Nxd4 23.Ne7+ Kh7 24.exd4 Re8 25.Nf5 Kg6 26.Ne3 f5 27.
Kf3 Rd8 28.Rc4 Kf6 29.h3 a6 30.Rb4 Rd7 31.Rb6+ Kf7 32.Nxf5 Ba7 33.Rb4 Kf6 
34.Ke4 a5 35.Rb5 g6 36.Nxh6 Bxd4 37.b3 b6 38.Ng4+ Ke6 39.Rg5 Kf7 40.Rd5 
1-0

[Event "30th ECh U20"]
[Site "Baku AZE"]
[Date "2002.07.18"]
[Round "5"]
[White "Lotscher, Roland"]
[Black "Aliev, Chingiz"]
[Result "1-0"]
[WhiteElo "2288"]
[BlackElo "2213"]
[EventDate "2002.07.14"]
[PlyCount "83"]

1.d4 Nf6 2.c4 c5 3.d5 e5 4.Nc3 d6 5.Nf3 Be7 6.g3 O-O 7.Bg2 Ne8 8.O-O f5 9.
a3 e4 10.Ne1 Nd7 11.f3 Ne5 12.fxe4 Nxc4 13.exf5 Rxf5 14.Bf4 g5 15.e4 Rf8 
16.Bc1 Bf6 17.Nd3 h6 18.Qe2 Ne5 19.Nxe5 Bxe5 20.Rxf8+ Kxf8 21.Be3 Nf6 22.
h4 Ng4 23.Rf1+ Kg7 24.Bd2 Bd4+ 25.Kh1 gxh4 26.Qf3 Qe7 27.Ne2 Be5 28.Bh3 
hxg3 29.Nxg3 Bd7 30.Nf5+ Bxf5 31.Qxf5 Nf6 32.Rg1+ Kh8 33.Rg6 Rg8 34.Rxh6+ 
Nh7 35.Qh5 Bd4 36.Be6 Qg7 37.Bg5 Rf8 38.Bf5 Rxf5 39.exf5 Qg8 40.Kh2 Be5+ 
41.Kh3 Bg7 42.Rxd6 1-0

[Event "30th ECh U20"]
[Site "Baku AZE"]
[Date "2002.07.18"]
[Round "5"]
[White "Baladiaev, Gara"]
[Black "Davidov, Samir"]
[Result "0-1"]
[WhiteElo "2210"]
[BlackElo "2248"]
[EventDate "2002.07.14"]
[PlyCount "94"]

1.d4 Nf6 2.c4 e6 3.Nf3 d5 4.Nc3 c6 5.g3 Nbd7 6.Bg2 dxc4 7.O-O Bd6 8.e3 Qc7
9.Nd2 Nb6 10.Qe2 e5 11.Nxc4 Nxc4 12.Qxc4 Be6 13.Qa4 O-O 14.Bd2 b5 15.Qa6 
exd4 16.exd4 Rac8 17.Rfc1 Qd7 18.a4 b4 19.Ne4 Nxe4 20.Bxe4 c5 21.dxc5 Bxc5
22.Be1 Qe7 23.Qd3 Kh8 24.Rc2 f5 25.Bg2 f4 26.Re2 Qf7 27.Qe4 Bc4 28.Rd2 
fxg3 29.hxg3 Rce8 30.Qc2 b3 31.Qd1 Re7 32.Qf3 Qxf3 33.Bxf3 Rxf3 34.Rd8+ 
Bg8 35.Rc1 Rxg3+ 36.Kh2 Rg5 37.Bd2 Rf5 38.Be3 Bxe3 39.fxe3 g5 40.Rcc8 Rg7 
41.e4 Rf2+ 42.Kg3 Rxb2 43.e5 Re2 44.Re8 b2 45.Rb8 g4 46.e6 h5 47.e7 h4+ 
0-1

[Event "30th ECh U20"]
[Site "Baku AZE"]
[Date "2002.07.19"]
[Round "6"]
[White "Izoria, Zviad"]
[Black "Gashimov, Vugar"]
[Result "1/2-1/2"]
[WhiteElo "2565"]
[BlackElo "2470"]
[EventDate "2002.07.14"]
[PlyCount "21"]

1.c4 Nf6 2.Nc3 e5 3.Nf3 Nc6 4.g3 g6 5.Bg2 Bg7 6.d4 exd4 7.Nxd4 O-O 8.O-O 
Re8 9.Nc2 d6 10.b3 Bf5 11.Rb1 1/2-1/2

[Event "30th ECh U20"]
[Site "Baku AZE"]
[Date "2002.07.19"]
[Round "6"]
[White "Kanep, Meelis"]
[Black "Guseinov, Gadir"]
[Result "0-1"]
[WhiteElo "2358"]
[BlackElo "2510"]
[EventDate "2002.07.14"]
[PlyCount "88"]

1.d4 Nf6 2.c4 g6 3.Nc3 Bg7 4.e4 d6 5.Nf3 O-O 6.Be2 Bg4 7.Be3 Nfd7 8.Qd2 e5
9.d5 Bxf3 10.gxf3 Nf6 11.f4 exf4 12.Bxf4 Re8 13.f3 Nh5 14.Be3 Be5 15.O-O-O
Qf6 16.Nb5 Re7 17.f4 Nxf4 18.Kb1 Qh4 19.Bf3 a6 20.Nd4 c5 21.Ne2 Nxe2 22.
Bg5 Qf2 23.Bxe2 f6 24.Rhf1 Qxh2 25.Bxf6 Bxf6 26.Rxf6 Nd7 27.Re6 Rae8 28.
Rf1 Nf8 29.Rxe7 Rxe7 30.Qd3 Qe5 31.Bf3 Rf7 32.Bg2 Rxf1+ 33.Bxf1 Nd7 34.Bg2
Qg5 35.Qh3 Qe7 36.b3 Kg7 37.Kc2 h5 38.Bf3 Ne5 39.Be2 Qf7 40.Qc8 Qd7 41.Qb8
h4 42.Bf1 Nf7 43.Kd2 h3 44.Ke3 Qg4 0-1

[Event "30th ECh U20"]
[Site "Baku AZE"]
[Date "2002.07.19"]
[Round "6"]
[White "Jakubowski, Krzysztof"]
[Black "Mamedov, Rauf"]
[Result "1-0"]
[WhiteElo "2475"]
[BlackElo "2358"]
[EventDate "2002.07.14"]
[PlyCount "89"]

1.e4 c5 2.Nf3 d6 3.d4 Nf6 4.Nc3 cxd4 5.Nxd4 g6 6.Be3 Bg7 7.f3 O-O 8.Qd2 
Nc6 9.Bc4 Bd7 10.Bb3 Rc8 11.O-O-O Nxd4 12.Bxd4 b5 13.Nd5 Nxd5 14.Bxg7 Kxg7
15.exd5 a5 16.a3 b4 17.axb4 axb4 18.Qxb4 Rb8 19.Qc3+ Kg8 20.Rd4 Qb6 21.
Rhd1 Rfc8 22.Rc4 Rxc4 23.Bxc4 Qf2 24.g4 Qxh2 25.Qe3 Rc8 26.Bb3 Qh4 27.Kb1 
h5 28.Qa7 Bb5 29.Qb7 Rc5 30.gxh5 Qxh5 31.Qxe7 Qxf3 32.Rc1 Rc8 33.Qxd6 Kg7 
34.Qe5+ Qf6 35.Qxf6+ Kxf6 36.c4 Bd7 37.Kc2 Ke5 38.Kc3 g5 39.Re1+ Kd6 40.
Kd4 g4 41.Bd1 f5 42.b4 f4 43.c5+ Kc7 44.Re7 Re8 45.Rxe8 1-0

[Event "30th ECh U20"]
[Site "Baku AZE"]
[Date "2002.07.19"]
[Round "6"]
[White "Aroshidze, Levan"]
[Black "Gaprindashvili, Valerian"]
[Result "0-1"]
[WhiteElo "2345"]
[BlackElo "2471"]
[EventDate "2002.07.14"]
[PlyCount "134"]

1.e4 d5 2.exd5 Nf6 3.d4 Nxd5 4.Be2 g6 5.Nf3 Bg7 6.O-O O-O 7.Re1 c5 8.dxc5 
Na6 9.Bxa6 bxa6 10.Nbd2 Nb4 11.a3 Nc6 12.Nc4 Qxd1 13.Rxd1 Be6 14.Ne3 Rad8 
15.Rb1 Ba2 16.Ra1 Be6 17.Rb1 f5 18.Ng5 Rxd1+ 19.Nxd1 Ba2 20.Ra1 Rd8 21.Be3
h6 22.Nf3 Bf7 23.Kf1 g5 24.Ke1 e5 25.Rc1 e4 26.Ng1 Ne5 27.b3 Rd5 28.f3 
exf3 29.Nxf3 f4 30.Bf2 Bh5 31.Nxe5 Rxe5+ 32.Kd2 Re2+ 33.Kd3 Re8 34.c3 Be2+
35.Kd2 Bf1 36.Rc2 Bxg2 37.Kc1 Bd5 38.c4 Bc6 39.Nc3 g4 40.Nd5 h5 41.Kd1 Be5
42.Bh4 Kf7 43.Rf2 f3 44.Rd2 Ke6 45.Ke1 Kf7 46.Kf1 Bg7 47.Bg5 Bf8 48.Nb4 
Be4 49.Nxa6 Kg6 50.Bf4 Kf5 51.Bg3 Rc8 52.b4 Bh6 53.Rd7 Bg5 54.b5 h4 55.Bf2
Rh8 56.c6 Bf4 57.Rf7+ Kg5 58.Nc5 Bf5 59.Rg7+ Kh6 60.Bd4 Rd8 61.Nd7 g3 62.
hxg3 hxg3 63.Rf7 Kg6 64.Rg7+ Kh6 65.Rf7 Bd3+ 66.Kg1 Re8 67.Ne5 Rxe5 0-1

[Event "30th ECh U20"]
[Site "Baku AZE"]
[Date "2002.07.19"]
[Round "6"]
[White "Teterev, Vitaly"]
[Black "Werle, Jan"]
[Result "1/2-1/2"]
[WhiteElo "2342"]
[BlackElo "2443"]
[EventDate "2002.07.14"]
[PlyCount "59"]

1.e4 e6 2.d3 d5 3.Nd2 Nf6 4.Ngf3 b6 5.c3 Ba6 6.Be2 Be7 7.O-O O-O 8.Re1 c5 
9.exd5 Nxd5 10.d4 Bxe2 11.Qxe2 Nc6 12.dxc5 Bxc5 13.Ne4 Be7 14.c4 Nf6 15.
Rd1 Qc7 16.b3 Rad8 17.Bb2 Rxd1+ 18.Rxd1 Rd8 19.Nxf6+ Bxf6 20.Bxf6 Rxd1+ 
21.Qxd1 gxf6 22.g3 Ne5 23.Nxe5 Qxe5 24.Kg2 Qb2 25.a4 Qe5 26.Qd3 Qc5 27.h4 
Kg7 28.Qe4 f5 29.Qf4 h6 30.Kf1 1/2-1/2

[Event "30th ECh U20"]
[Site "Baku AZE"]
[Date "2002.07.19"]
[Round "6"]
[White "Mastrovasilis, Dimitrios"]
[Black "Gashimov, Sarkhan"]
[Result "1-0"]
[WhiteElo "2462"]
[BlackElo "2262"]
[EventDate "2002.07.14"]
[PlyCount "179"]

1.e4 c5 2.Nf3 a6 3.c3 e6 4.d4 d5 5.e5 Bd7 6.Be3 Qb6 7.Qb3 Qc7 8.dxc5 Bc6 
9.Qb6 Qc8 10.Bd3 a5 11.Qb3 Nd7 12.Qc2 Bxc5 13.Bxc5 Nxc5 14.O-O Ne7 15.Nd4 
Nxd3 16.Qxd3 O-O 17.Nd2 b5 18.b4 a4 19.f4 Bd7 20.Rae1 f5 21.exf6 Rxf6 22.
N2f3 Nf5 23.Ng5 h6 24.Nxf5 exf5 25.Nf3 d4 26.cxd4 Bc6 27.d5 Rd6 28.Re5 Qd8
29.Rd1 Qb6+ 30.Qd4 Qxd4+ 31.Rxd4 Bd7 32.Re2 Rc8 33.Kf2 Rc3 34.Red2 Kf8 35.
Ne5 Be8 36.R4d3 Rc1 37.Rd1 Rc2+ 38.R1d2 Rc1 39.h3 Bf7 40.Ke3 Re1+ 41.Kf3 
Rf1+ 42.Kg3 Rb1 43.Nc6 Rc1 44.a3 g6 45.Ne5 Kg7 46.Kf2 Kf6 47.g3 Rc8 48.
Nxf7 Kxf7 49.Re2 Rc1 50.Re5 Rc2+ 51.Ke3 Rc8 52.Kf3 h5 53.Rde3 Rc7 54.g4 
hxg4+ 55.hxg4 fxg4+ 56.Kxg4 Rcd7 57.Rd3 Rc7 58.Kf3 Rc1 59.Ke3 Rc2 60.Re4 
Rc1 61.Re5 Rc2 62.Ke4 Rc4+ 63.Kf3 Rc7 64.f5 gxf5 65.Rxf5+ Kg6 66.Kf4 Re7 
67.Rg3+ Kh6 68.Re5 Rf7+ 69.Ke4 Rd8 70.Re6+ Kh7 71.Kd4 Rc7 72.d6 Rc1 73.Ke5
Rf8 74.Re7+ Kh8 75.Rh3+ Kg8 76.Rg3+ Kh8 77.Ke6 Rd1 78.Rh3+ Kg8 79.Rg3+ Kh8
80.Re3 Rf2 81.Rc3 Rf8 82.Rcc7 Rh1 83.Kd7 Rd1 84.Kc6 Rb8 85.Rb7 Rc8+ 86.
Rbc7 Rb8 87.Rh7+ Kg8 88.Rcg7+ Kf8 89.Rh8+ Kxg7 90.Rxb8 1-0